000 00733nam a2200289Ia 4500
005 20260324133205.0
008 008 260324s9999 xx 000 0 eng d
020 _a9781315785974
037 _aEBOOK
040 _aCRL
040 _beng
040 _cCRL
041 _2eng
041 _aeng
084 _qCRL
100 _aBhavna Pahwa
_91192133
245 0 _aTechnology-Assisted Delivery of School Based Mental Health Services
245 0 _bDefining School Social Work for the 21st Century
260 _bTaylor and Francis
260 _c2003
365 _a
365 _b195
856 _uhttp://www.taylorfrancis.com/books/9781315785974
942 _cEBOOK
999 _c1790970
_d1790970